书目信息 |
| 题名: |
建筑通信与网络技术
|
|
| 作者: | 陈红 主编 | |
| 分册: | ||
| 出版信息: | 北京 机械工业出版社 2004.1 |
|
| 页数: | 238页 | |
| 开本: | 26cm | |
| 丛书名: | ||
| 单 册: | ||
| 中图分类: | TU855 | |
| 科图分类: | ||
| 主题词: | 建筑--通信系统--高等学校: 技术学校--教材 , 建筑--计算机网络--高等学校: 技术学校--教材 , 通信系统 , 计算机网络 | |
| 电子资源: | ||
| ISBN: | 7-111-13238-6 | |
| 000 | 00788nam0 2200265 45 | |
| 001 | 012004000000 | |
| 005 | 20050111145218.17 | |
| 010 | @a7-111-13238-6@dCNY 23.00 | |
| 100 | @a20041201d2004 em y0chiy0121 ea | |
| 101 | 0 | @achi |
| 102 | @aCN@b110000 | |
| 105 | @aak z 000yy | |
| 200 | 1 | @a建筑通信与网络技术@Ajian zhu tong xin yu wang luo ji shu@f陈红主编 |
| 210 | @a北京@c机械工业出版社@d2004.1 | |
| 215 | @a238页@c图, 表格@d26cm | |
| 300 | @a高职高专智能建筑规划教材 | |
| 320 | @a附参考文献 | |
| 606 | 0 | @a建筑@x通信系统@x高等学校: 技术学校@j教材 |
| 606 | 0 | @a建筑@x计算机网络@x高等学校: 技术学校@j教材 |
| 606 | 0 | @a通信系统 |
| 606 | 0 | @a计算机网络 |
| 690 | @aTU855@v4 | |
| 701 | 0 | @a陈红@Achen hong@4主编 |
| 801 | 0 | @aCN@bQSSKw@c20050111 |
| 905 | @a10447@dTU855@eC442 | |
| 建筑通信与网络技术/陈红主编.-北京:机械工业出版社,2004.1 |
| 238页:图, 表格;26cm |
| 高职高专智能建筑规划教材 |
| ISBN 7-111-13238-6:CNY 23.00 |
| ● |
| 相关链接 |
|
|
|
正题名:建筑通信与网络技术
索取号:TU855/C442
 
预约/预借
| 序号 | 登录号 | 条形码 | 馆藏地/架位号 | 状态 | 备注 |
| 1 | 435943 | 204359434 | 建筑库201/201建筑库 54排7列1层/ [索取号:TU855/C442] | 在馆 | |
| 2 | 435944 | 204359443 | 建筑库201/201建筑库 54排7列1层/ [索取号:TU855/C442] | 在馆 | |
| 3 | 435945 | 204359452 | 建筑库201/201建筑库 54排7列1层/ [索取号:TU855/C442] | 在馆 |